Oil extended natural rubber in tyre treads (Record no. 22158)

MARC details
000 -LEADER
fixed length control field 00369nam a2200145Ia 4500
082 ## - DEWEY DECIMAL CLASSIFICATION NUMBER
Classification number NR:62(066)
Item number NRP
245 #0 - TITLE STATEMENT
Title Oil extended natural rubber in tyre treads
260 ## - PUBLICATION, DISTRIBUTION, ETC. (IMPRINT)
Place of publication London
Name of publisher NRPRA
490 ## - SERIES STATEMENT
Series statement NR Technical bulletin
650 ## - SUBJECT ADDED ENTRY--TOPICAL TERM
Topical Term Melting
650 ## - SUBJECT ADDED ENTRY--TOPICAL TERM
Topical Term Natural rubber
650 ## - SUBJECT ADDED ENTRY--TOPICAL TERM
Topical Term Tyre treads
942 ## - ADDED ENTRY ELEMENTS (KOHA)
Koha item type Books
Holdings
Withdrawn status Lost status Damaged status Not for loan Home library Current library Date acquired Full call number Accession Number Koha item type
        RRII Library RRII Library 16/12/2021 NR:62(066) NRP 02873 Books